Sports Quiz

Random Sports or World Quiz
Score 0/16 Timer 08:00
0 Plays Today
% Correct
Randy Orton
94.8%
John Cena
94.8%
Big Show
89.7%
Kane
87.9%
Triple H
86.2%
Rey Mysterio
86.2%
Sheamus
84.5%
Undertaker
84.5%
% Correct
CM Punk
82.8%
Daniel Bryan
82.8%
Chris Jericho
81%
Jack Swagger
79.3%
Dolph Ziggler
74.1%
Mark Henry
74.1%
Christian
74.1%
The Great Khali
62.1%
Remove Ads.
Support Sporcle.
Get the best of Sporcle when you Go Orange. This ad-free experience offers more features, more stats, and more fun while also helping to support Sporcle. Thank you for becoming a member.

You're not logged in!

Compare scores with friends on all Sporcle quizzes.
OR
Log In

Show Comments

Extras

Top Quizzes Today


Score Distribution

Your Account Isn't Verified!

In order to create a playlist on Sporcle, you need to verify the email address you used during registration. Go to your Sporcle Settings to finish the process.

Report this User

Report this user for behavior that violates our Community Guidelines.

Details: